Classic Philosophers - Statistics

General Stats
  • This quiz has been taken 43 times
  • The average score is 7 of 15
Answer Stats
Philosopher % Correct
Plato
100%
Socrates
97%
Aristotle
94%
Diogenes
53%
Pythagoras
53%
Democritus
44%
Epicurus
44%
Zeno
44%
Heraclitus
42%
Parmenides
36%
Thales
36%
Anaximander
22%
Anaximenes
22%
Anaxagoras
17%
Empedocles
14%
No matching quizzes found
Score Distribution
Percent of People with Each Score
Percentile by Number Answered
Your Score History
You have not taken this quiz